| 000 | 00682nam a2200205 a 4500 | ||
|---|---|---|---|
| 001 | 23369 | ||
| 003 | CO-ViMGA | ||
| 008 | 141112s2004 ck r 000 u spa d | ||
| 015 | _ack - 2009 - xxxx | ||
| 040 |
_aCO-ViMGA _bspa _cCO-ViMGA |
||
| 082 | 0 | 4 | _a780.79861 M462g |
| 110 |
_aColombia. Ministerio de Cultura _91875 |
||
| 245 | 1 | 0 |
_aGran concierto nacional 2010 : _b"Voces del Bicentenario" / _cMinisterio de Cultura |
| 260 |
_aBogotá : _bMinisterio de Cultura, _c2010 |
||
| 300 | _a39 p. : fot. col., 23 cm. | ||
| 598 | _aNEW - GRAL, NEW | ||
| 650 | 1 | 4 |
_aFestivales musicales - Colombia _933707 |
| 942 |
_2ddc _cBK |
||
| 990 | _aMinisterio de Cultura 1 ejemplar 21 10/12/2009 n | ||
| 999 |
_c31583 _d31583 |
||